000 00911cad a22002055a 4500
001 L160057
008 150226s2018 xxk f 000 0 eng d
035 _a(Sirsi) u160057
041 0 _aeng
100 1 _aBlackman, David
245 0 0 _aAffordability
_ba special report
260 _c2018
490 _aModus
_vMay 2018, 12-20(9)
505 _aA tale of two city states
_bFew McMillan, A. -- Big Apple fails to address core issue
_bScruggs, G. --
520 _aA special report on affordable housing in big cities. Looks at Singapore and Hong Kong and compares their high-density housing and ownership rates. Evaluates New York's affordable housing plan, and asks which policies could help to solve the affordability crisis caused by rapid urbanisation.
590 _aKA
650 2 4 _aAffordable housing
_96215
690 _aPROPERTY-RESIDENTIAL PROPERTY-DOMESTIC RESIDENTIAL PROPERTY-HOUSING
942 _n0
999 _c85166
_d85166